Industrial Water Quality / (Record no. 17141)
[ view plain ]
| 000 -LEADER | |
|---|---|
| fixed length control field | 01212cam a2200313 a 4500 |
| 001 - CONTROL NUMBER | |
| control field | 15418088 |
| 005 - DATE AND TIME OF LATEST TRANSACTION | |
| control field | 20121213135527.0 |
| 008 - FIXED-LENGTH DATA ELEMENTS--GENERAL INFORMATION | |
| fixed length control field | 080819s2009 nyua b 001 0 eng |
| 020 ## - INTERNATIONAL STANDARD BOOK NUMBER | |
| International Standard Book Number | 9780071548663 (alk. paper) |
| 020 ## - INTERNATIONAL STANDARD BOOK NUMBER | |
| International Standard Book Number | 0071548661 (alk. paper) |
| 082 00 - DEWEY DECIMAL CLASSIFICATION NUMBER | |
| Classification number | 628.3 |
| Edition number | 22 |
| Item number | ECK |
| 100 1# - MAIN ENTRY--PERSONAL NAME | |
| Personal name | Eckenfelder, W. Wesley |
| Fuller form of name | (William Wesley), |
| Dates associated with a name | 1926- |
| 9 (RLIN) | 31705 |
| 245 10 - TITLE STATEMENT | |
| Title | Industrial Water Quality / |
| Statement of responsibility, etc | W. Wesley Eckenfelder, Jr., Davis L. Ford, Andrew J. Englande, Jr. |
| 250 ## - EDITION STATEMENT | |
| Edition statement | 4th ed. |
| 260 ## - PUBLICATION, DISTRIBUTION, ETC. (IMPRINT) | |
| Place of publication, distribution, etc | New York : |
| Name of publisher, distributor, etc | McGraw-Hill, |
| Date of publication, distribution, etc | c2009. |
| 300 ## - PHYSICAL DESCRIPTION | |
| Extent | xxi, 956 p. : |
| Other physical details | ill. ; |
| Dimensions | 24 cm. |
| 500 ## - GENERAL NOTE | |
| General note | Rev. ed. of: Industrial water pollution control / W. Wesley Eckenfelder, Jr. 2000. |
| 504 ## - BIBLIOGRAPHY, ETC. NOTE | |
| Bibliography, etc | Includes bibliographical references and index. |
| 650 #0 - SUBJECT ADDED ENTRY--TOPICAL TERM | |
| Topical term or geographic name as entry element | Sewage |
| General subdivision | Purification. |
| 9 (RLIN) | 31706 |
| 650 #0 - SUBJECT ADDED ENTRY--TOPICAL TERM | |
| Topical term or geographic name as entry element | Factory and trade waste |
| General subdivision | Purification. |
| 9 (RLIN) | 31707 |
| 650 #0 - SUBJECT ADDED ENTRY--TOPICAL TERM | |
| Topical term or geographic name as entry element | Water |
| General subdivision | Purification. |
| 9 (RLIN) | 31708 |
| 650 #0 - SUBJECT ADDED ENTRY--TOPICAL TERM | |
| Topical term or geographic name as entry element | Water |
| General subdivision | Pollution. |
| 9 (RLIN) | 31709 |
| 650 #0 - SUBJECT ADDED ENTRY--TOPICAL TERM | |
| Topical term or geographic name as entry element | Water quality. |
| 9 (RLIN) | 31710 |
| 653 ## - INDEX TERM--UNCONTROLLED | |
| Resource For college | |
| Arrived date list | December2012 |
| 700 1# - ADDED ENTRY--PERSONAL NAME | |
| Personal name | Ford, Davis L. |
| 9 (RLIN) | 31711 |
| 700 1# - ADDED ENTRY--PERSONAL NAME | |
| Personal name | Englande, A. J. |
| 9 (RLIN) | 31712 |
| 700 1# - ADDED ENTRY--PERSONAL NAME | |
| Personal name | Eckenfelder, W. Wesley |
| Fuller form of name | (William Wesley), |
| Dates associated with a name | 1926- |
| Title of a work | Industrial water pollution control. |
| 9 (RLIN) | 31713 |
| 942 ## - ADDED ENTRY ELEMENTS (KOHA) | |
| Source of classification or shelving scheme | Dewey Decimal Classification |
| Item type | Book - Borrowing |
| Withdrawn status | Item status | Source of classification or shelving scheme | Damaged status | Not for loan | Vendor | Home library | Current library | Shelving location | Date acquired | Source of acquisition | Cost, normal purchase price | Serial Enumeration / chronology | Total Checkouts | Full call number | Barcode | Date last seen | Koha item type | Total Renewals | Date last borrowed |
|---|---|---|---|---|---|---|---|---|---|---|---|---|---|---|---|---|---|---|---|
| Dewey Decimal Classification | Baccah | Central Library | Central Library | First floor | 13/12/2012 | 580.00 | 5 | 628.3 ECK | 000027883 | 15/07/2025 | NB - Book (Non borrowing) | ||||||||
| Dewey Decimal Classification | Baccah | Central Library | Central Library | First floor | 13/12/2012 | 580.00 | 5 | 3 | 628.3 ECK | 000027884 | 15/07/2025 | Book - Borrowing | 20 | 01/11/2017 | |||||
| Dewey Decimal Classification | Baccah | Central Library | Central Library | First floor | 13/12/2012 | 580.00 | 5 | 628.3 ECK | 000027885 | 15/07/2025 | Book - Borrowing |